[Event "HUN-chT2 Szechenyi 0809"]
[Site "Hungary"]
[Date "2009.03.08"]
[Round "9.10"]
[White "Bodokos, Ferenc"]
[Black "Domonkos, Andras"]
[Result "1/2-1/2"]
[WhiteElo "1814"]
[BlackElo "1994"]
[PlyCount "25"]
[EventDate "2008.10.26"]
[EventType "team-tourn"]
[EventRounds "11"]
[EventCountry "HUN"]
[SourceTitle "EXT 2010"]
[Source "ChessBase"]
[SourceDate "2010.11.25"]
[SourceVersion "1"]
[SourceVersionDate "2010.11.25"]
[SourceQuality "1"]
[WhiteTeam "Arboretum"]
[BlackTeam "Veszprem"]
[WhiteTeamCountry "HUN"]
[BlackTeamCountry "HUN"]

1. d4 Nf6 2. c4 e5 3. dxe5 Ng4 4. e6 dxe6 5. Qxd8+ Kxd8 6. a3 Bc5 7. e3 a5 8. Nf3 Nd7 9. Be2 Nge5 10. b3 Nxf3+ 11. Bxf3 Ne5 12. Be2 f6 13. Bb2 1/2-1/2